| 000 | 00743nam a2200229Ii 4500 | ||
|---|---|---|---|
| 003 | JO-AjNU | ||
| 008 | 230605s9999||||xx |||||||||||||| ||und|| | ||
| 017 | _a2002/7/1644 | ||
| 040 |
_aJO-AjNU _bara _erda _cJO-AjNU |
||
| 041 | _aara | ||
| 050 | 1 | 4 | _aPJ7860.A26.D4 2003 |
| 100 | 3 |
_aتأليف رفيع، محمد, _eauthor _948690 |
|
| 245 | 0 | 0 | _aذاكرة المدينة 2 : أوراق عمان القديمة |
| 250 | _aط1 | ||
| 264 | 3 | 1 | _aعمان:وزارة الثقافة،2003 |
| 300 | _a525ص | ||
| 336 |
_atext _btxt _2rdacontent |
||
| 337 |
_aunmediated _bn _2rdamedia |
||
| 338 |
_avolume _bnc _2rdacarrier |
||
| 490 | 0 | _aسلسلة كتاب الشهر 73 | |
| 650 | 4 |
_aالأدب العربي - عمان - تاريخ _948691 |
|
| 999 |
_aA21340 _c24908 _d24908 |
||